The large English atlas (Record no. 114160)

MARC details
000 -LEADER
fixed length control field 02491cam a22002055a 4500
001 - CONTROL NUMBER
control field L156293
008 - FIXED-LENGTH DATA ELEMENTS--GENERAL INFORMATION
fixed length control field 120510s1777 xxk f 000 0 eng d
035 ## - SYSTEM CONTROL NUMBER
System control number (Sirsi) u156293
041 0# - LANGUAGE CODE
Language code of text/sound track or separate title eng
100 1# - MAIN ENTRY--PERSONAL NAME
Personal name Bowen, Emanuel
Dates associated with a name d. 1767
245 04 - TITLE STATEMENT
Title The large English atlas
Remainder of title or, a new set of maps of all the counties in England and Wales, drawn from the several surveys which have been hitherto published. With three general Maps of England, Scotland, and Ireland, From the latest and best Authorities. 1 England 2 Scotland 3 Ireland 4 Bedfordshire 5 Berkshire 6 Buckinghamshire 7 Cambridgeshire 8 Cheshire 9 Cornwall 10 Derbyshire 11 Devonshire 12 Dorsetshire 13 Durham 14 Essex 15 Gloucestershire and Monmouthshire 16 Hampshire 17 Hertfordshire 18 Herefordshire 19 Huntingdonshire 20 Kent 21 Lancashire 22 Leicestershire and Rutlandshire 23 Lincolnshire 24 Middlesex 25 Norfolk 26 Northamptonshire 27 Northumberland 28 Nottinghamshire 29 Oxfordshire 30 Shropshire 31 Somersetshire 32 Staffordshire 33 Suffolk 34 Surrey 35 Sussex 36 Warwickshire 37 Westmoreland and Cumberland 38 Wiltshire 39 Worcestershire 40 Yorkshire 41 East Riding of ditto 42 North Riding of ditto 43 West Riding of ditto 44 Cardiganshire and Pembrokeshire 45 Carmarthenshire and Glamorganshire 46 Radnorshire and Brecknockshire 47 North Wales, Containing in one Map the Counties of Carnarvon Denbigh Flint Merioneth Montgomery and The Island of Anglesey laid down on a large scale, And containing all the Cities, Towns, Villages, and Churches, whether Rectories or Vicarages, Chapels, many Noblemen's and Gentlemen's Seats, &c. &c. Each Map is Illustrated With a General Description of the County, its Cities, Borough and Market Towns, the Number of Members returned to Parliament, of Parishes, Houses, Acres of Land, &c. And Historical Extracts relative to the Trade, Manufactures, and Government of the Cities and Principal Towns, and the present State of their Inhabitants, &c. By Emanuel Bowen, Geographer to His Majesty, Thomas Kitchen, and others.
260 ## - PUBLICATION, DISTRIBUTION, ETC.
Place of publication, distribution, etc. London
Name of publisher, distributor, etc. printed and sold by T. Bowles, in St. Paul's Church-Yard; John Bowles, at the Black Horse, in Cornhill, and Robert Sayer, at the Buck, in Fleet-Street
Date of publication, distribution, etc. [1777?]
300 ## - PHYSICAL DESCRIPTION
Extent [2] p., 47 double plates
Other physical details maps
Dimensions 2o
520 ## - SUMMARY, ETC.
Summary, etc. Titlepage in red and black.
583 ## - ACTION NOTE
Action Condition reviewed
Time/date of action 20110620
Status condition level 3
651 #4 - SUBJECT ADDED ENTRY--GEOGRAPHIC NAME
Geographic name England and Wales
Chronological subdivision 1543-
690 ## - LOCAL SUBJECT ADDED ENTRY--TOPICAL TERM (OCLC, RLIN)
Topical term or geographic name as entry element Geomatics
9 (RLIN) 6242
700 1# - ADDED ENTRY--PERSONAL NAME
Personal name Kitchin, Thomas
Dates associated with a name d. 1784
942 ## - ADDED ENTRY ELEMENTS (KOHA)
Suppress in OPAC 0
Holdings
Withdrawn status Lost status Source of classification or shelving scheme Damaged status Not for loan Home library Current library Shelving location Date acquired Total Checkouts Full call number Barcode Date last seen Copy number Price effective from Koha item type
    Dewey Decimal Classification     Historic collection Historic collection Historic collection 10/05/2012   ATLAS 1777 BOWEN 30077059 06/08/2019 1 06/08/2019 Book